Alle Mannschaften der 3. Liga Saison 2025/26 - Statistiken

Allgemein
  • Dieses Quiz wurde 225 mal gespielt
  • Das Durchschnittsergebnis liegt bei 16 aus 20
Antwortstatistiken
Mannschaften % Korrekt
VfB Stuttgart II
88%
TSG 1899 Hoffenheim II
87%
TSV 1860 München
87%
Hansa Rostock
86%
1. FC Schweinfurt 05
84%
MSV Duisburg
84%
1. FC Saarbrücken
83%
Energie Cottbus
83%
TSV Havelse
81%
SSV Ulm 1846
80%
Alemannia Aachen
79%
Rot-Weiss Essen
77%
SV Waldhof Mannheim
77%
VfL Osnabrück
76%
Viktoria Köln
76%
FC Erzgebirge Aue
75%
FC Ingolstadt 04
74%
SSV Jahn Regensburg
74%
SC Verl
71%
SV Wehen Wiesbaden
71%
Keine übereinstimmenden Quizze gefunden
Verteilung der Resultate
Anzahl Personen mit jedem Resultat
Perzentil nach korrekt beantworteten Fragen
Ihre Resultats-Entwicklung
Sie haben dieses Quiz noch nicht gespielt